• 首页
  • 本馆介绍
  • 公告通知
  • 最新文献
  • 馆藏检索
  • 电子资源
  • 读者导购
  • 参考咨询
  • 我的图书馆
  • 登录
  • 详细信息显示
  • 放入我的书架
  • 预约/预借图书
  • 作者相关作品
  • 分类相关作品
  • 丛书相关作品
  • 出版社相关作品

书目信息

  • 表格格式
  • 工作单格式
  • 卡片格式
题名:
国民经济统计概论
    
 
作者: 黄书田 , 刘娟 主编 ;全国高等教育自学考试指导委员会组 编
分册:  
出版信息: 北京   中国人民大学出版社  2004
页数: 575页
开本: 19cm
丛书名:
单 册:
中图分类: F222.33
科图分类:
主题词: 经济统计--高等教育--自学考试--自学参考资料 , 国民经济 , 高等教育
电子资源:
ISBN: 7-300-05516-8
000 01333nam0 2200313 450
000 01342nam0 2200313 450
000 01272nam0 2200289 450
000 01236nam0 2200277 45
005 20070725132201.65
010    @a7-300-05516-8@dCNY23.00
100    @a20070626d2004 em y0chiy0120 ea
101 0  @achi
102    @aCN@b110000
105    @ay z 000yy
200 1  @a国民经济统计概论@AGuo Min Jing Ji Tong Ji Gai Lun@f黄书田,刘娟主编@FHuang Shu Tian, Liu Juan Zhu Bian@g全国高等教育自学考试指导委员会组编
210    @a北京@c中国人民大学出版社@d2004
215    @a575页@d19cm
300    @a全国高等教育自学考试指定教材 经济类公共课
300    @附:国民经济统计概论自学考试大纲
330    @a本书主要内容包括:总论、统计数据资料的搜集与整理、综合指标、时间数列、指数、抽样推断、中国国民经济核算体系、人口与劳动统计、国民财富统计、国民经济生产统计、国民经济流通统计、国民经济分配统计、国民经济使用统计、国民经济综合统计分析等;
606 0  @x经济统计@x高等教育@x自学考试@j自学参考资料
606 0  @a国民经济
606 0  @a高等教育
690    @aF222.33@v4
701  0 @a黄书田@AHuang Shu Tian@4主编
701  0 @a刘娟@ALiu Juan@4主编
712 02 @a全国高等教育自学考试指导委员会组@AQuan Guo Gao Deng Jiao Yu Zi Xue Kao Shi Zhi Dao Wei Yuan Hui Zu@4编
801  0 @aCN@bTAOJIN@c20070725
905    @a10447@dF222.33@e271
    
    国民经济统计概论/黄书田,刘娟主编/全国高等教育自学考试指导委员会组编.-北京:中国人民大学出版社,2004
    575页;19cm
    全国高等教育自学考试指定教材 经济类公共课
    
    ISBN 7-300-05516-8:CNY23.00
    本书主要内容包括:总论、统计数据资料的搜集与整理、综合指标、时间数列、指数、抽样推断、中国国民经济核算体系、人口与劳动统计、国民财富统计、国民经济生产统计、国民经济流通统计、国民经济分配统计、国民经济使用统计、国民经济综合统计分析等;
●
相关链接 在E读中查询图书 在五车中查询图书 在当当中查询图书 在豆瓣中查询图书


正题名:国民经济统计概论     索取号:F222.33/271         预约/预借

序号 登录号 条形码 馆藏地/架位号 状态 备注
1 0825350   208253502   第一样本阅览室/ [索取号:F222.33/271] 在馆    
2 0825351   208253511   密集书库/ [索取号:F222.33/271] 在馆    
3 0825352   208253520   密集书库/ [索取号:F222.33/271] 在馆    
4 0825353   208253539   第一借阅区/ [索取号:F222.33/271] 在馆    
5 0825354   208253548   第一借阅区/ [索取号:F222.33/271] 在馆    
6 0825355   208253557   密集书库/ [索取号:F222.33/271] 在馆    
7 0825356   208253566   第一借阅区/ [索取号:F222.33/271] 在馆    
8 0825357   208253575   第一借阅区/ [索取号:F222.33/271] 在馆    
唐山师范学院图书馆 欢迎您!
大连网信软件有限公司© 版权所有